Mobile satellite communications : principles and trends (Record no. 175389)

MARC details
000 -LEADER
fixed length control field 00398nam a2200145Ia 4500
008 - FIXED-LENGTH DATA ELEMENTS--GENERAL INFORMATION
fixed length control field 231217s9999 xx 000 0 und d
041 ## - LANGUAGE CODE
Language code of text/sound track or separate title English
082 ## - DEWEY DECIMAL CLASSIFICATION NUMBER
Classification number 621.380422 RIC;1 R
100 ## - MAIN ENTRY--PERSONAL NAME
Personal name Richharia, M
245 #0 - TITLE STATEMENT
Title Mobile satellite communications : principles and trends
260 ## - PUBLICATION, DISTRIBUTION, ETC.
Date of publication, distribution, etc. 2001
Name of publisher, distributor, etc. Pearson
Place of publication, distribution, etc. Delhi
300 ## - PHYSICAL DESCRIPTION
Extent 560
650 ## - SUBJECT ADDED ENTRY--TOPICAL TERM
Topical term or geographic name entry element satellite,communications,:,trends
942 ## - ADDED ENTRY ELEMENTS (KOHA)
Koha item type Books
Holdings
Date last seen Total checkouts Full call number Accession number Cost, total (INR) price Price effective from Category Lost status Damaged status Department Withdrawn status Home library Current library Shelving location Entry date Vendor Cost, normal purchase price Grants Billnumber Billdate Currency symbol Conversion rate Discount Old discount
26/01/2024   621.380422 RIC;1 R 35967 264.00 26/01/2024 Books     Central Library   Central Library Central Library Central Library 05/06/2005 Allied publ. 330.00 EC 22 15/12/2004 RS 1 66 20
26/01/2024   621.380422 RIC;2 R1 35968 264.00 26/01/2024 Books     Central Library   Central Library Central Library Central Library 05/06/2005 Allied publ. 330.00 EC 22 15/12/2004 RS 1 66 20
26/01/2024   621.380422 RIC;3 35969 264.00 26/01/2024 Books     Central Library   Central Library Central Library Central Library 05/06/2005 Allied publ. 330.00 EC 22 15/12/2004 RS 1 66 20
26/01/2024   621.380422 RIC;4 35970 264.00 26/01/2024 Books     Central Library   Central Library Central Library Central Library 05/06/2005 Allied publ. 330.00 EC 22 20/12/2004 RS 1 66 20
26/01/2024   621.380422 RIC;5 35971 264.00 26/01/2024 Books     Central Library   Central Library Central Library Central Library 05/06/2005 Allied publ. 330.00 EC 22 20/12/2004 RS 1 66 20

© For any Suggestions or Query, please contact the library staff @ librarian@pes.edu or Phone: +9180 2672 1983/ 2108.